Normal view
MARC view
- الالتزام -- قانون
Entry Topical Term
001 - CONTROL NUMBER
- control field: 44864
003 - CONTROL NUMBER IDENTIFIER
- control field: JO-AjAnu
005 - DATE AND TIME OF LATEST TRANSACTION
- control field: 20230606081427.0
008 - FIXED-LENGTH DATA ELEMENTS
- fixed length control field: 230606|| aca||aabn | a|a d
040 ## - CATALOGING SOURCE
- Original cataloging agency: JO-AjAnu
- Transcribing agency: JO-AjAnu
150 ## - HEADING--TOPICAL TERM
- Topical term or geographic name entry element: الالتزام -- قانون
670 ## - SOURCE DATA FOUND
- Source citation: Work cat.: (JO-AjAnu)22972: عبدالرحمن، فايز أحمد, author 44863, النظرية العامة للإلتزام في القانون المصري والقانون الليبي " المصادر - الأحكام - الإثبات "